000 01558 a2200193 4500
001 30887
005 20260407155617.0
008 260407a1956 arg spa d
003 AR-UNSa-BCEJYS
040 _aAR-UNSa-BCEJYS
_bspa
_cAR-UNSa-BCEJYS
080 _a657
_xContabilidad
245 1 0 _aContabilidad industrial
_paplicada a las empresas transformadoras y distribuidoras
264 1 _aMadrid :
_bAguilar
_c1956
300 _a307 p.
_c22 cm.
505 _aPrimera Prate: Contabilidad aplicada a empresas transformadoras: 1. Elementos que intervienen en la contabilidad industrial - 2. Cuentas de activo inmovilizado - 3. Cuenta "Materiales" - 4. Cuenta "Materiales" - 5. Cuenta "Mano de obra" - 6. Aplicación de Mano de Obra - 7. Servicios de fábrica - 8. Depreciación - 9. Depreciación - 10. Depreciación - 11. Aplicación de servicios de fábrica - 12. Aplicación de servicios de fábrica - 13. Aplicación de servicios de fábrica - 14. Aplicación de servicios de fábrica - 15. Artículos en curso de elaboración - 16. Ordenes de fabricación - 17. Valoración para el balance de artículos en curso de fabricación - 18. Valoración para el balance de artículos en curso de fabricación - 19. Artículos terminados - 20. Ajustes - 21. Determinación de resultados - 22. Aplicación práctica del procedimiento - Segunda parte: Contabilidad aplicada a empresas distribuidoras: 23. Costo en la empresa distribuidora - 24. Aplicación práctica
942 _cBK
590 _aniveau_biblio:m niveau_hierar:0
100 1 _aSuarez Franck, Armando
999 _c2135
_d2135